MARC details
| 000 -LEADER |
| campo de control de longitud fija |
01362cam a2200373 a 4500 |
| 001 - NÚMERO DE CONTROL |
| campo de control |
51151 |
| 005 - FECHA Y HORA DE LA ÚLTIMA TRANSACCIÓN |
| campo de control |
20230411085656.0 |
| 008 - DATOS DE LONGITUD FIJA--INFORMACIÓN GENERAL |
| campo de control de longitud fija |
931104s1994 nyua b 001 0 eng |
| 010 ## - NÚMERO DE CONTROL DE LA BIBLIOTECA DEL CONGRESO |
| Número de control de LC |
93043308 |
| 035 ## - NÚMERO DE CONTROL DEL SISTEMA |
| Número de control de sistema |
(OCoLC)ocm29357226 |
| 040 ## - FUENTE DE CATALOGACIÓN |
| Centro catalogador/agencia de origen |
DLC |
| Centro/agencia transcriptor |
DLC |
| Centro/agencia modificador |
IAC |
| -- |
UBA |
| -- |
MUQ |
| -- |
BAKER |
| -- |
BTCTA |
| 020 ## - NÚMERO INTERNACIONAL ESTÁNDAR DEL LIBRO |
| Número Internacional Estándar del Libro |
082478927X (acid-free paper) |
| 020 ## - NÚMERO INTERNACIONAL ESTÁNDAR DEL LIBRO |
| Número Internacional Estándar del Libro |
9780824789275 (acid-free paper) |
| 029 1# - OTRO NÚMERO DE CONTROL DE SISTEMA (OCLC) |
| Identificador de la biblioteca OCLC |
NZ1 |
| Número de control de sistema |
3620771 |
| 035 ## - NÚMERO DE CONTROL DEL SISTEMA |
| Número de control de sistema |
(OCoLC)29357226 |
| 050 14 - SIGNATURA TOPOGRÁFICA DE LA BIBLIOTECA DEL CONGRESO |
| Número de clasificación |
TA1637 |
| Número de ítem |
D52 1994 |
| 082 00 - NÚMERO DE LA CLASIFICACIÓN DECIMAL DEWEY |
| Número de clasificación |
621.36/7/0285 |
| Número de edición |
20 |
| 049 ## - FONDOS LOCALES (OCLC) |
| Biblioteca depositaria |
GRAL |
| 245 00 - MENCIÓN DEL TÍTULO |
| Título |
Digital image processing methods / |
| Mención de responsabilidad, etc. |
edited by Edward R. Dougherty. |
| 260 ## - PUBLICACIÓN, DISTRIBUCIÓN, ETC. |
| Lugar de publicación, distribución, etc. |
New York : |
| Nombre del editor, distribuidor, etc. |
M. Dekker, |
| Fecha de publicación, distribución, etc. |
c1994. |
| 300 ## - DESCRIPCIÓN FÍSICA |
| Extensión |
xxvi, 472 p. : |
| Otras características físicas |
ill. ; |
| Dimensiones |
23 cm. |
| 490 1# - MENCIÓN DE SERIE |
| Mención de serie |
Optical engineering ; |
| Designación de volumen o secuencia |
42 |
| 504 ## - NOTA DE BIBLIOGRAFÍA, ETC. |
| Nota de bibliografía, etc. |
Includes bibliographical references and index. |
| 650 #0 - PUNTO DE ACCESO ADICIONAL DE MATERIA--TÉRMINO DE MATERIA |
| Término de materia o nombre geográfico como elemento de entrada |
Image processing |
| Subdivisión general |
Digital techniques. |
| 650 #6 - PUNTO DE ACCESO ADICIONAL DE MATERIA--TÉRMINO DE MATERIA |
| Término de materia o nombre geográfico como elemento de entrada |
Traitement d'images |
| Subdivisión general |
Techniques numâeriques |
| 650 #7 - PUNTO DE ACCESO ADICIONAL DE MATERIA--TÉRMINO DE MATERIA |
| Término de materia o nombre geográfico como elemento de entrada |
Processamento grafico (graphics) |
| Fuente del encabezamiento o término |
larpcal |
| 700 1# - ENTRADA AGREGADA--NOMBRE PERSONAL |
| Nombre de persona |
Dougherty, Edward R. |
| 830 #0 - PUNTO DE ACCESO ADICIONAL DE SERIE-TÍTULO UNIFORME |
| Título uniforme |
Optical engineering (Marcel Dekker, Inc.) ; |
| Designación de volumen o secuencia |
v. 42. |
| 856 42 - LOCALIZACIÓN Y ACCESO ELECTRÓNICOS |
| Materiales especificados |
Publisher description |
| Identificador Uniforme de Recursos |
<a href="http://www.loc.gov/catdir/enhancements/fy0648/93043308-d.html">http://www.loc.gov/catdir/enhancements/fy0648/93043308-d.html</a> |
| 938 ## - |
| -- |
Baker and Taylor |
| -- |
BTCP |
| -- |
93043308 |
| 938 ## - |
| -- |
Baker & Taylor |
| -- |
BKTY |
| -- |
229.95 |
| -- |
229.95 |
| -- |
082478927X |
| -- |
0002408572 |
| -- |
active |
| 942 ## - ELEMENTOS DE ENTRADA SECUNDARIOS (KOHA) |
| Fuente del sistema de clasificación o colocación |
Clasificación de Library of Congress |
| Tipo de ítem Koha |
|
| 994 ## - |
| -- |
C0 |
| -- |
DRFGD |